| 000 | 00605nam a22002177a 4500 | ||
|---|---|---|---|
| 003 | OSt | ||
| 005 | 20230613141924.0 | ||
| 008 | 230613b ||||| |||| 00| 0 eng d | ||
| 020 | _a9783598117688 | ||
| 040 |
_aSSBUL _cSSBUL |
||
| 041 | _aeng | ||
| 082 |
_223 _a022 _bIf |
||
| 245 | 1 | 0 |
_aIFLA library building guideliness : _bdevelopments & reflections / |
| 260 |
_bK. G. Saur Munchen, _c2007. |
||
| 300 |
_a266 pages ; _c25 cm. |
||
| 500 | _aIncludes index. | ||
| 650 |
_aLibrary _xGuide book _925791 |
||
| 700 | 1 |
_aLatimer, Karen ; Hiegaard, Hellen. _eEdited by _925792 |
|
| 942 | _cBK1 | ||
| 942 | _2ddc | ||
| 999 |
_c25679 _d25679 |
||